000 00906nam a2200241 4500
001 125843
003 ES-MaACL
005 20250827062625.0
007 t|
008 070214s1960 sp r ||||1| spa d
110 1 _aEspaña
_93622
130 0 _a[Leyes, etc., laborales]
_9219076
245 1 0 _aReglamentaciones Nacionales de Trabajo y Legislación Laboral.
_n, . II.
260 _aMadrid :
_b[s. n.],
_c1960 (
_fGráf. Zaragoza)
300 _a36 p. ;
_c27 cm.
505 8 _aContiene: Fuero del Trabajo ; Reglamento de Seguridad e Higiene; Ley y Reglamento de la Dependencia Mercantil ; Iluminación de los centros de trabajo
740 0 _aFuero del Trabajo.
740 0 _aReglamento de Seguridad e Higiene.
740 0 _aLey y Reglamento de la Dependencia Mercantil.
740 0 _aIluminación de los centros de trabajo.
852 _aES-MaACL
_j2018-F-25
_bR.45859
999 _c125843
_d125843